| 000 | 00454nam a22001937a 4500 | ||
|---|---|---|---|
| 003 | MPLRDC | ||
| 005 | 20220104145423.0 | ||
| 008 | 210129b ||||| |||| 00| 0 eng d | ||
| 020 | _a7-5334-0276-6 | ||
| 082 | _a177.2 YXY | ||
| 100 | _a余心言 | ||
| 245 |
_a人生方程解 _c |
||
| 250 | _a一版三刷 | ||
| 260 |
_a _b福建教育出版社 _c1992 |
||
| 300 | _b平 | ||
| 490 | _a当代中学生丛书 | ||
| 650 | _a | ||
| 942 |
_cBK _o177.2 YXY |
||
| 999 |
_c51306 _d51296 |
||